000 00723nam a22002177a 4500
999 _c20924
_d20924
003 AR-CdUCM
008 190402b ||||| |||| 00| 0 spa d
040 _aMUNICIPALIDAD PROVINCIAL DEL CUSCO
_cBIBLIOTECA MUNICIPAL DEL CUSCO
082 _aEP / 869.103 /
_bH56
100 _aHinojosa, Francisco
_929488
245 _aA golpe de calcetín /
260 _c1986.
_aMéxico :
_bConsejo nacional de fomento educativo,
300 _bIlustraciones,
_c28 cm.
_a52 páginas
440 _aColeccion espiral
_nLibros del rincón del Sep
_943658
505 _aContenido : Cuento.
650 _a Literatura infantil
_9588
650 _aCuentos.
_9217
700 _aGonzalez, Francisco
_943659
942 _2ddc
_cLIBROS
945 _arcc